Politische Bildung – Warum und Wie?
Dôležitým predpokladom účasti na každodennom spoločenskom, politickom a aj ekonomickom živote je dnes zodpovedajúca úroveň politického vzdelania. Pretože v rámci vyučovania na rôznych typoch škôl, vrátane tých súčasných by sa malo diskutovať o sociálnych otázkach, domácich aj zahraničných. Školské v...
Saved in:
| Main Author: | |
|---|---|
| Format: | Book Chapter |
| Language: | German |
| Subjects: | |
| Tags: |
No Tags, Be the first to tag this record!
|
MARC
| LEADER | 00000naa a2200000 4500 | ||
|---|---|---|---|
| 001 | 0307813 | ||
| 005 | 20250325151408.0 | ||
| 041 | 0 | |a ger | |
| 044 | |a SK | ||
| 245 | 1 | 0 | |a Politische Bildung – Warum und Wie? |c Ingrid Kunovská |
| 520 | |a Dôležitým predpokladom účasti na každodennom spoločenskom, politickom a aj ekonomickom živote je dnes zodpovedajúca úroveň politického vzdelania. Pretože v rámci vyučovania na rôznych typoch škôl, vrátane tých súčasných by sa malo diskutovať o sociálnych otázkach, domácich aj zahraničných. Školské vzdelávanie má aj politický rozmer. Aj hodiny cudzieho jazyka sú vhodnou platformou, ktorá výrazne prispieva k presadzovaniu toho, čo by malo politické vzdelanie poskytnúť. Prečo a ako by mala byť politická výchova nielen všeobecná, ale aj integrovaná do vyučovania cudzích jazykov. | ||
| 610 | 2 | 0 | |a vzdelávanie |
| 610 | 2 | 0 | |a jazyky cudzie |
| 610 | 2 | 0 | |a kultúra |
| 610 | 2 | 0 | |a politika |
| 610 | 2 | 0 | |a kompetencie |
| 610 | 2 | 0 | |a vyučovanie |
| 100 | 1 | |a Kunovská, Ingrid, 1976- | |